| 000 -ლიდერი |
| ფიქსირებული სიგრძის საკონტროლო ველი |
01629nam a2200277Ia 4500 |
| 001 - საკონტროლო ნომერი |
| საკონტროლო ველი |
16203 |
| 003 - საკონტროლო ნომრის იდენტიფიკატორი |
| საკონტროლო ველი |
GE_BSU |
| 005 - ბოლო ოპერაციის თარიღი და დრო |
| საკონტროლო ველი |
20200422202308.0 |
| 008 - ფიქსირებული სიგრძის მონაცემთა ელემენტები - ზოგადი ინფორმაცია |
| ფიქსირებული სიგრძის საკონტროლო ველი |
181216s2012ge |||||||||||||| ||geo|| |
| 020 ## - წიგნის საერთაშორისო სტანდარტული ნომერი |
| International Standard Book Number |
978-9941-15-668-7 |
| 040 ## - კატალოგიზაციის წყარო |
| Transcribing agency |
GE_BSU |
| 041 ## - ენის კოდი |
| Language code of text/sound track or separate title |
geo |
| 080 ## - უნივერსალური ათობითი კლასიფიკაციის ინდექსი |
| Universal Decimal Classification number |
616.311(075.8) პ-38 |
| 245 ## - ცნობა სათაურის შესახებ |
| Title |
პირის ღრუს ლორწოვანი გარსის დაავადებები : |
| Remainder of title |
სახელმძღვ. სტომატოლოგიის ფაკ. სტუდენტების, რეზიდენტებისა და ექიმი სტომატოლოგებისათვის / |
| Statement of responsibility, etc |
მანანა ივერიელი ; ნინო აბაშიძე ; ხატია გოგიშვილი ; ნინო გოგბაშვილი ; რედ. ნათია ნაფეტვარიძე. |
| 264 ## - წარმოების, გამოცემის, დისტრიბუციის და სხვა ცნობები |
| გამოცემის, წარმოების, დისტრიბუციის... ადგილი |
თბილისი, |
| გამოცემის, წარმოების, დისტრიბუციის... თარიღი |
2012. |
| 300 ## - ფიზიკური აღწერა |
| Extent |
284 გვ. : |
| Other physical details |
სურ. ; |
| Dimensions |
27 სმ.. |
| 504 ## - BIBLIOGRAPHY, ETC. NOTE |
| Bibliography, etc |
ბიბლიოგრ.: გვ. 275. |
| 653 ## - INDEX TERM--UNCONTROLLED |
| Uncontrolled term |
მედიცინა |
| 653 ## - INDEX TERM--UNCONTROLLED |
| Uncontrolled term |
პირის ღრუს ლორწოვანი გარსის დაავადებები |
| 700 ## - ADDED ENTRY--PERSONAL NAME |
| Personal name |
ივერიელი, მანანა |
| 9 (RLIN) |
7958 |
| 700 ## - ADDED ENTRY--PERSONAL NAME |
| Personal name |
აბაშიძე, ნინო |
| 9 (RLIN) |
7959 |
| 700 ## - ADDED ENTRY--PERSONAL NAME |
| Personal name |
გოგიშვილი, ხატია |
| 9 (RLIN) |
7960 |
| 700 ## - ADDED ENTRY--PERSONAL NAME |
| Personal name |
გოგებაშვილი, ნინო |
| 9 (RLIN) |
7961 |
| 700 ## - ADDED ENTRY--PERSONAL NAME |
| Personal name |
ნაფეტვარიძე, ნათია |
| Relator term |
რედაქტორი |
| 9 (RLIN) |
7962 |
| 942 ## - ADDED ENTRY ELEMENTS (KOHA) |
| Koha item type |
წიგნი |
| Source of classification or shelving scheme |
|